Productivity : A select book list (Record no. 18624)

MARC details
000 -LEADER
fixed length control field 00259nam a2200109Ia 4500
082 ## - DEWEY DECIMAL CLASSIFICATION NUMBER
Classification number RR 016.338 PRO
100 ## - MAIN ENTRY--AUTHOR NAME
Personal name Woo, Timothy comp.
245 #0 - TITLE STATEMENT
Title Productivity : A select book list
260 ## - PUBLICATION, DISTRIBUTION, ETC. (IMPRINT)
Place of publication n.p.
Name of publisher Federal Publishers
Year of publication 1986
300 ## - PHYSICAL DESCRIPTION
Number of Pages 101p.
942 ## - ADDED ENTRY ELEMENTS (KOHA)
Koha item type Books
Holdings
Withdrawn status Lost status Damaged status Not for loan Home library Current library Date acquired Bill Date Full call number Accession Number Price effective from Koha item type
        NASSDOC Library NASSDOC Library 08/10/2004 2004-10-22 RR 016.338 PRO 28497 18/04/2019 Books